00496nam a2200145Ia 4500003000900000008004100009020002600050040001600076100002300092245004700115260003200162300002000194490003300214856010300247IN-BaIIA211028s9999 xx s 000 0 eng d a9780819428363 (Print) cIIA Library aPark, Stephen, ed. 0aVisual Information Processing VIIh[eBook] aWashington, USAbSPIEc1998 aOnline resource aProceedings of SPIE; V. 3387 uhttps://www.spiedigitallibrary.org/conference-proceedings-of-spie/3387yClick Here to Access eBook